Skeletons From the Closet-The Best of Grateful Dead (Lp K 56024) (Record n. 99550)
[ formato base ]
| 000 -LEADER | |
|---|---|
| fixed length control field | 02559njm a2200433Ia 4500 |
| 001 - CONTROL NUMBER | |
| control field | 20679 |
| 003 - CONTROL NUMBER IDENTIFIER | |
| control field | IT-RoPAU |
| 005 - DATE AND TIME OF LATEST TRANSACTION | |
| control field | 20220918181118.0 |
| 008 - FIXED-LENGTH DATA ELEMENTS--GENERAL INFORMATION | |
| fixed length control field | 131025s9999 xx 000 0 und d |
| 040 ## - CATALOGING SOURCE | |
| Original cataloging agency | IT-RoPAU |
| 040 ## - CATALOGING SOURCE | |
| Transcribing agency | IT-RoPAU |
| 041 ## - LANGUAGE CODE | |
| Language code of text/sound track or separate title | INGLESE |
| 999 ## - SYSTEM CONTROL NUMBERS (KOHA) | |
| Koha Dewey Subclass [OBSOLETE] | n.d. |
| 100 ## - MAIN ENTRY--PERSONAL NAME | |
| Personal name | AA.VV. |
| 9 (RLIN) | 794 |
| 100 ## - MAIN ENTRY--PERSONAL NAME | |
| Relator term | Autore musica |
| 9 (RLIN) | 2539 |
| 100 ## - MAIN ENTRY--PERSONAL NAME | |
| Miscellaneous information | Codice autore musica SPICS: 12000 |
| 9 (RLIN) | 796 |
| 245 ## - TITLE STATEMENT | |
| Title | Skeletons From the Closet-The Best of Grateful Dead (Lp K 56024) |
| 250 ## - EDITION STATEMENT | |
| Edition statement | 1a ed. |
| 260 ## - PUBLICATION, DISTRIBUTION, ETC. (IMPRINT) | |
| Place of publication, distribution, etc. | USA |
| 260 ## - PUBLICATION, DISTRIBUTION, ETC. (IMPRINT) | |
| Name of publisher, distributor, etc. | WARNER BROS RECORDS |
| Date of publication, distribution, etc. | 1974 [1a Ed.:1974 - Ed. Lingua Orig.: 1974] |
| 300 ## - PHYSICAL DESCRIPTION | |
| Extent | DISCO |
| 300 ## - PHYSICAL DESCRIPTION | |
| Dimensions | 45 minuti (Testo: pag.) |
| 500 ## - GENERAL NOTE | |
| General note | Incisioni storiche. Il meglio della West Coast. Musica rock |
| 505 ## - FORMATTED CONTENTS NOTE | |
| Formatted contents note | The Golden Road [(To Unlimited Devotion) (3:00)] - Truckin' (6:00) - Rosemary (2:00) - Sugar Magnolia (4:00) - St. Stephen (5:00) - Uncle John's Band (5:00) - Casey Jones (5:00) - Mexicali Blues (4:00) - Turn On Your Love Light (7:00) - One More Saturday Night (5:00) - Friend of the Devil (4:00) - |
| 511 ## - PARTICIPANT OR PERFORMER NOTE | |
| Participant or performer note | Grateful Dead (The) |
| 650 ## - SUBJECT ADDED ENTRY--TOPICAL TERM | |
| Topical term or geographic name as entry element | ROCK [DISCHI] |
| Relator term | Codice MATERIA SPICS: 9950 |
| 9 (RLIN) | 1088 |
| 700 ## - ADDED ENTRY--PERSONAL NAME | |
| Personal name | Grateful Dead (The) |
| Miscellaneous information | Codice Interprete SPICS: 10931 |
| Relator term | Interprete |
| 9 (RLIN) | 2540 |
| 700 ## - ADDED ENTRY--PERSONAL NAME | |
| Personal name | Garcia Jerry |
| Miscellaneous information | Codice autore musica SPICS: 10911 |
| Relator term | Autore musica |
| Name of part/section of a work | The Golden Road (To Unlimited Devotion) - Truckin' - Rosemary - St. Stephen - Uncle John's Band - Casey Jones - Friend of the Devil |
| 9 (RLIN) | 2541 |
| 700 ## - ADDED ENTRY--PERSONAL NAME | |
| Personal name | Lesh |
| Miscellaneous information | Codice autore SPICS: 22962 |
| Relator term | Autore |
| Name of part/section of a work | The Golden Road (To Unlimited Devotion) |
| 9 (RLIN) | 2542 |
| 700 ## - ADDED ENTRY--PERSONAL NAME | |
| Personal name | McKernan |
| Miscellaneous information | Codice autore testo/musica SPICS: 22964 |
| Relator term | Autore testo/musica |
| Name of part/section of a work | The Golden Road (To Unlimited Devotion) |
| 9 (RLIN) | 2543 |
| 700 ## - ADDED ENTRY--PERSONAL NAME | |
| Personal name | Weir |
| Miscellaneous information | Codice autore musica SPICS: 22963 |
| Relator term | Autore musica |
| Name of part/section of a work | Truckin' - Sugar Magnolia - Sugar Magnolia - One More Saturday Night |
| 9 (RLIN) | 2544 |
| 700 ## - ADDED ENTRY--PERSONAL NAME | |
| Personal name | Hunter |
| Miscellaneous information | Codice autore testo/musica SPICS: 10150 |
| Relator term | Autore testo/musica |
| Name of part/section of a work | Truckin' - Rosemary - Sugar Magnolia - St. Stephen - Uncle John's Band - Casey Jones - Friend of the Devil |
| 9 (RLIN) | 2545 |
| 700 ## - ADDED ENTRY--PERSONAL NAME | |
| Personal name | Lesh |
| Miscellaneous information | Codice autore SPICS: 22962 |
| Relator term | Autore |
| Name of part/section of a work | St. Stephen |
| 9 (RLIN) | 2546 |
| 700 ## - ADDED ENTRY--PERSONAL NAME | |
| Personal name | Barlow |
| Miscellaneous information | Codice autore testo/musica SPICS: 22965 |
| Relator term | Autore testo/musica |
| Name of part/section of a work | Mexicali Blues |
| 9 (RLIN) | 2547 |
| 700 ## - ADDED ENTRY--PERSONAL NAME | |
| Personal name | Scott J. |
| Miscellaneous information | Codice autore testo/musica SPICS: 22967 |
| Relator term | Autore testo/musica |
| Name of part/section of a work | Turn On Your Love Light |
| 9 (RLIN) | 2548 |
| 700 ## - ADDED ENTRY--PERSONAL NAME | |
| Personal name | Malone D. |
| Miscellaneous information | Codice autore musica SPICS: 22966 |
| Relator term | Autore musica |
| Name of part/section of a work | Turn On Your Love Light |
| 9 (RLIN) | 2549 |
| 700 ## - ADDED ENTRY--PERSONAL NAME | |
| Personal name | Dawson |
| Miscellaneous information | Codice autore SPICS: 22968 |
| Relator term | Autore |
| Name of part/section of a work | Friend of the Devil |
| 9 (RLIN) | 2550 |
| 942 ## - ADDED ENTRY ELEMENTS (KOHA) | |
| Koha item type | DISCHI |
| Source of classification or shelving scheme | Dewey Decimal Classification |
| Withdrawn status | Lost status | Damaged status | Not for loan | Home library | Current library | Date acquired | Total Checkouts | Full call number | Date last seen | Price effective from | Koha item type | Public note |
|---|---|---|---|---|---|---|---|---|---|---|---|---|
| Buone Condizioni | Not For Loan | SPICS-MEDIATECA | SPICS-MEDIATECA | 25/10/2013 | 20679 | 25/10/2013 | 25/10/2013 | DISCHI | Progr. Ins.: 3985 / N.Vol.: 1 / Copie: 1 - Copia rara: n.d. / date import: 01.01.2014 - By Epidotti, Trombetti, Vaglietti |